| 000 | 00597cam a22001932 4500 | ||
|---|---|---|---|
| 001 | 0000009401 | ||
| 005 | 20151217155839.0 | ||
| 008 | 081016s xx 000 0 eng d | ||
| 020 | _cDonation | ||
| 040 |
_aKABU _cKABU |
||
| 245 | 1 | 0 |
_aDrug and substance abuse in tertiary institutions in Kenya / _cNACADA. |
| 260 |
_aNairobi : _bNACADA, _c2006. |
||
| 300 |
_a44 p. ; _c cm. |
||
| 650 | 0 |
_aDrug abuse _zKenya. _@0000153123 |
|
| 710 | 2 |
_aNational Campaign against Drug Abuse (NACADA) _@0000160780 |
|
| 908 | _a081016 | ||
| 950 | _@1 | ||
| 999 |
_c13157 _d13157 |
||